• 首页
  • 本馆介绍
  • 公告通知
  • 最新文献
  • 馆藏检索
  • 电子资源
  • 读者导购
  • 参考咨询
  • 我的图书馆
  • 登录
  • 详细信息显示
  • 放入我的书架
  • 预约/预借图书
  • 作者相关作品
  • 分类相关作品
  • 丛书相关作品
  • 出版社相关作品

书目信息

  • 表格格式
  • 工作单格式
  • 卡片格式
题名:
马尔切洛六首大提琴奏鸣曲
    
 
作者: Marcello , 马尔切洛 作曲 ;胡国尧 编
分册:  
出版信息: 北京   人民音乐出版社  2000
页数: 41页
开本: 31cm
丛书名:
单 册:
中图分类: J657.235(546) , J657.235
科图分类:
主题词: 大提琴--奏鸣曲--意大利--近代--选集 , 奏鸣曲 , 大提琴
电子资源:
ISBN: 7-103-02098-1
000 01192ncm0 2200289 45
001 012001005991
005 20070807093649.32
010    @a7-103-02098-1@dCNY14.60(含分谱)
100    @a20010206d2000 em y0chiy0110 ea
101 0  @achi
102    @aCN@b110000
105    @ag z 000yd
200 1  @a马尔切洛六首大提琴奏鸣曲@9ma er qie luo liu shou da ti qin zou ming qu@e钢琴伴奏谱@f[(意)B.马尔切洛(Benedetto Marcello)作]@g胡国尧编
210    @a北京@c人民音乐出版社@d2000@h2003
215    @a41页@d31cm
314    @a贝内代托·马尔切洛(Benedetto Marcello,1686~1739),意大利作曲家,作品有《马尔切洛六首大提琴奏鸣曲——钢琴伴奏谱》等。
330    @a马尔切洛这部大提琴的六首奏鸣曲是他在巴罗克时期的优秀杰作,旋律流畅、活泼而富有幽默感,音乐易于为初入门的学生所接受。它是大提琴演奏技巧的基础训练的好教材,也在世界大提琴奏鸣曲教学中占有重要地位。
606 0  @a大提琴@x奏鸣曲@y意大利@z近代@j选集
606 0  @a奏鸣曲
606 0  @a大提琴
690    @aJ657.235(546)@v4
690    @aJ657.235@v3
701  1 @aMarcello@bBenedetto@4作曲
701  1 @a马尔切洛@9ma er qie luo@bB.@4作曲
702  0 @a胡国尧@9hu guo yao@4编
801  0 @aCN@bNLC@c20070807
905    @a10447@dJ657.235@e434:1
    
    马尔切洛六首大提琴奏鸣曲:钢琴伴奏谱/[(意)B.马尔切洛(Benedetto Marcello)作]/胡国尧编.-北京:人民音乐出版社,2000(2003)
    41页;31cm
    
    
    ISBN 7-103-02098-1:CNY14.60(含分谱)
    马尔切洛这部大提琴的六首奏鸣曲是他在巴罗克时期的优秀杰作,旋律流畅、活泼而富有幽默感,音乐易于为初入门的学生所接受。它是大提琴演奏技巧的基础训练的好教材,也在世界大提琴奏鸣曲教学中占有重要地位。
●
相关链接 在E读中查询图书 在五车中查询图书 在当当中查询图书 在豆瓣中查询图书


正题名:马尔切洛六首大提琴奏鸣曲     索取号:J657.235/434:1         预约/预借

序号 登录号 条形码 馆藏地/架位号 状态 备注
1 0806984   208069846   第一样本阅览室/ [索取号:J657.235/434:1] 在馆    
2 0806985   208069855   第一借阅区/ [索取号:J657.235/434:1] 在馆    
3 0806986   208069864   第一借阅区/ [索取号:J657.235/434:1] 在馆    
4 0806987   208069873   第一借阅区/ [索取号:J657.235/434:1] 在馆    
5 0806988   208069882   音乐系资料室/ [索取号:J657.235/434:1] 在馆    
唐山师范学院图书馆 欢迎您!
大连网信软件有限公司© 版权所有